The Review of Income and Wealth (Record no. 5515)

MARC details
000 -LEADER
fixed length control field 00821nas a22001937i 4500
001 - CONTROL NUMBER
control field 5778
003 - CONTROL NUMBER IDENTIFIER
control field OSt
005 - DATE AND TIME OF LATEST TRANSACTION
control field 20170126082349.0
007 - PHYSICAL DESCRIPTION FIXED FIELD--GENERAL INFORMATION
fixed length control field tu
008 - FIXED-LENGTH DATA ELEMENTS--GENERAL INFORMATION
fixed length control field 161220s xxu||||| |||| 00| 0 d
024 7# - OTHER STANDARD IDENTIFIER
Standard number or code 5778
Source of number or code RID
024 7# - OTHER STANDARD IDENTIFIER
Standard number or code 5778
Source of number or code RSN (alt)
040 ## - CATALOGING SOURCE
Transcribing agency OSt
110 2# - MAIN ENTRY--CORPORATE NAME
Corporate name or jurisdiction name as entry element International Association for Research in Income and Wealth
245 00 - TITLE STATEMENT
Title The Review of Income and Wealth
Remainder of title Journal of the International Association for Research in income and wealth
260 ## - PUBLICATION, DISTRIBUTION, ETC.
Place of publication, distribution, etc. Bristol :
Name of publisher, distributor, etc. International Association for Research in Income and Wealth.
866 #0 - TEXTUAL HOLDINGS--BASIC BIBLIOGRAPHIC UNIT
-- 1977 23/1 - 1991 37/2 (unvollständig)
866 #0 - TEXTUAL HOLDINGS--BASIC BIBLIOGRAPHIC UNIT
-- Bestände unvollständig<br><br>vorhanden:<br>1977 23/1, 4<br>1978 24/1-4<br>1979 25 - 1989 35 (gebunden)<br>1990 36/1, 4<br>1991 37/2<br><br>fehlende Bestände:<br>1977 23/2-3<br>1990 36/2-3<br>1991 37/1, 3-4
942 ## - ADDED ENTRY ELEMENTS (KOHA)
Koha item type Journal
Holdings
Withdrawn status Lost status Damaged status Not for loan Home library Current library Shelving location Date acquired Inventory number Total Checkouts Barcode Date last seen Price effective from Koha item type
        WIIW WIIW Library 08/04/2004 5778   10001029 01/26/2017 01/26/2017 Journal
The Vienna Instiute for International Economic Studies (wiiw)